100 Busiest U.S. Airport IATA Codes - Statistics

General Stats
  • This quiz has been taken 89 times
  • The average score is 50 of 100
Answer Stats
Rank Airport Name Answer % Correct
4 John F. Kennedy International Airport (New York) JFK
99%
3 Los Angeles International Airport LAX
97%
5 Dallas Fort Worth International Airport DFW
96%
2 Hartsfield–Jackson Atlanta International Airport ATL
93%
6 Denver International Airport DEN
92%
17 Miami International Airport MIA
92%
7 Harry Reid International Airport (Las Vegas) LAS
90%
9 Seattle–Tacoma International Airport SEA
90%
10 San Francisco International Airport SFO
87%
1 Chicago O'Hare International Airport ORD
86%
27 Salt Lake City International Airport SLC
85%
13 Gen. Edward Lawrence Logan International Airport (Boston) BOS
82%
20 LaGuardia Airport (New York) LGA
82%
15 Phoenix Sky Harbor International Airport PHX
82%
16 Minneapolis–Saint Paul International Airport MSP
79%
22 Philadelphia International Airport PHL
75%
23 San Diego International Airport SAN
75%
8 Charlotte Douglas International Airport CLT
73%
34 Austin–Bergstrom International Airport AUS
72%
32 St. Louis Lambert International Airport STL
70%
24 Dulles International Airport (Washington) IAD
68%
47 Indianapolis International Airport IND
68%
46 Pittsburgh International Airport PIT
68%
29 Tampa International Airport TPA
68%
12 Chicago Midway International Airport MDW
66%
43 Oakland San Francisco Bay Airport OAK
66%
45 Cleveland Hopkins International Airport CLE
65%
37 Dallas Love Field DAL
65%
11 Newark Liberty International Airport EWR
65%
14 Orlando International Airport MCO
65%
62 Memphis International Airport MEM
63%
59 Eppley Airfield (Omaha) OMA
62%
26 Baltimore/Washington International Airport BWI
61%
21 Fort Lauderdale–Hollywood International Airport FLL
61%
42 William P. Hobby Airport (Houston) HOU
61%
30 Portland International Airport (Oregon) PDX
61%
18 George Bush Intercontinental/Houston Airport IAH
59%
64 Ted Stevens Anchorage International Airport ANC
58%
58 Buffalo Niagara International Airport BUF
58%
25 Ronald Reagan Washington National Airport DCA
58%
28 Daniel K. Inouye International Airport (Honolulu) HNL
58%
19 Detroit Metro Wayne County Airport DTW
56%
53 Ontario International Airport ONT
56%
54 Hollywood Burbank Airport BUR
55%
56 Albuquerque International Sunport ABQ
52%
81 El Paso International Airport ELP
52%
68 Richmond International Airport RIC
52%
70 Boise Airport BOI
51%
33 Raleigh–Durham International Airport RDU
49%
79 Tulsa International Airport TUL
49%
66 [IATA] Will Rogers International Airport (Oklahoma City) OKC
48%
36 Luis Muñoz Marín International Airport (San Juan) SJU
48%
80 Albany International Airport ALB
46%
60 Jacksonville International Airport JAX
46%
82 Savannah/Hilton Head International Airport SAV
46%
31 Nashville International Airport BNA
44%
55 Milwaukee Mitchell International Airport MKE
44%
91 Syracuse Hancock International Airport SYR
44%
35 Louis Armstrong New Orleans International Airport MSY
42%
85 Frederick Douglass/Greater Rochester International Airport ROC
42%
50 San Antonio International Airport SAT
42%
41 John Wayne Airport (Santa Ana) SNA
42%
86 Myrtle Beach International Airport MYR
41%
65 Rhode Island T. F. Green International Airport (Providence) PVD
41%
40 Kansas City International Airport MCI
38%
61 Reno/Tahoe International Airport RNO
38%
84 Tucson International Airport TUS
38%
57 Palm Beach International Airport PBI
37%
63 Charleston International Airport (South Carolina) CHS
35%
67 Gerald R. Ford International Airport (Grand Rapids) GRR
35%
39 San Jose Mineta International Airport SJC
35%
48 Cincinnati/Northern Kentucky International Airport CVG
34%
83 Des Moines International Airport DSM
34%
76 Lihue Airport (Kauai) LIH
34%
38 Sacramento International Airport SMF
34%
49 John Glenn Columbus International Airport CMH
31%
75 Antonio B. Won Pat International Airport (Guam) GUM
27%
73 Long Beach Airport LGB
27%
52 Bradley International Airport (Hartford) BDL
25%
44 Southwest Florida International Airport (Fort Myers) RSW
25%
71 Louisville Muhammad Ali International Airport SDF
25%
69 Spokane International Airport GEG
24%
90 Dane County Regional Airport (Madison) MSN
24%
77 Palm Springs International Airport PSP
24%
99 City of Colorado Springs Municipal Airport COS
23%
74 Ellison Onizuka Kona International Airport at Keahole KOA
21%
51 Kahului Airport (Maui) OGG
21%
72 Norfolk International Airport ORF
21%
87 Fresno Yosemite International Airport FAT
20%
94 Birmingham–Shuttlesworth International Airport BHM
17%
89 Pensacola International Airport PNS
17%
95 McGhee Tyson Airport (Knoxville) TYS
17%
93 Asheville Regional Airport AVL
15%
92 Greenville–Spartanburg International Airport GSP
15%
78 Sarasota–Bradenton International Airport SRQ
15%
96 Portland International Jetport (Maine) PWM
14%
88 Orlando Sanford International Airport SFB
13%
98 Destin–Fort Walton Beach Airport VPS
11%
100 Manchester–Boston Regional Airport MHT
10%
97 St. Pete–Clearwater International Airport PIE
8%
No matching quizzes found
Score Distribution
Percent of People with Each Score
Percentile by Number Answered
Your Score History
You have not taken this quiz